000 00451nmm a2200169Ia 4500
008 251105s9999||||xx |||||||||||||||||und||
020 _a849742333X
041 _aspa
100 _aAzorín
245 0 _aEl buen Sancho
264 _a[Madrid, España] :
_bBiblioteca Nueva,
_c2004
300 _a128 páginas
490 _aBiblioteca Azorín
650 _aSpanish narrative
856 _uhttps://public.digitaliapublishing.com/a/5553
942 _cCF
999 _c74138
_d74138